Indian Polity/ (Record no. 199327)

MARC details
000 -LEADER
fixed length control field 00865nam a22002537a 4500
003 - CONTROL NUMBER IDENTIFIER
control field dpl
005 - DATE AND TIME OF LATEST TRANSACTION
control field 20240321111240.0
008 - FIXED-LENGTH DATA ELEMENTS--GENERAL INFORMATION
fixed length control field 231130b |||||||| |||| 00| 0 eng d
010 ## - LIBRARY OF CONGRESS CONTROL NUMBER
LC control number B-756073-078 ENG-139840
020 ## - INTERNATIONAL STANDARD BOOK NUMBER
International Standard Book Number 9788189093686
Terms of availability 795.00
035 ## - SYSTEM CONTROL NUMBER
System control number B-756073-078
035 ## - SYSTEM CONTROL NUMBER
System control number EN-123372
037 ## - SOURCE OF ACQUISITION
Source of stock number/acquisition Lotus Press
040 ## - CATALOGING SOURCE
Transcribing agency 0
050 ## - LIBRARY OF CONGRESS CALL NUMBER
Classification number 320
082 ## - DEWEY DECIMAL CLASSIFICATION NUMBER
Classification number 320
100 ## - MAIN ENTRY--PERSONAL NAME
Relator code Johari, J.C.
245 ## - TITLE STATEMENT
Title Indian Polity/
Statement of responsibility, etc J.C. Johari
260 ## - PUBLICATION, DISTRIBUTION, ETC. (IMPRINT)
Place of publication, distribution, etc New Delhi
Name of publisher, distributor, etc Lotus Press
Date of publication, distribution, etc 2023
270 ## - ADDRESS
Address 4263/3, Ansari Road, Darya Ganj,
City New Delhi
Postal code 110002
300 ## - PHYSICAL DESCRIPTION
Extent xvi, 766p.
Dimensions 22cm(pbk)
942 ## - ADDED ENTRY ELEMENTS (KOHA)
Source of classification or shelving scheme Dewey Decimal Classification
Koha item type English Books
Classification part 320
Call number suffix JOH
Holdings
Withdrawn status Lost status Source of classification or shelving scheme Damaged status Not for loan Collection code Home library Current library Date acquired Source of acquisition Cost, normal purchase price Total Checkouts Total Renewals Full call number Barcode Checked out Date last seen Date checked out Copy number Cost, replacement price Price effective from Koha item type
    Dewey Decimal Classification     Non-fiction Bawana Bawana 21/03/2024 DBAD 795.00     320 JOH EN-123372   21/03/2024     795.00 21/03/2024 English Books
    Dewey Decimal Classification     Non-fiction Central Library Central Library 18/12/2023 Lotus Press/198/27.12.23/41/23.11.23/1.12.23 795.00 6 2 320 JOH B-756073 10/04/2026 27/03/2026 27/03/2026 1 795.00 18/12/2023 English Books
    Dewey Decimal Classification     Non-fiction Janak Puri Janak Puri 18/12/2023 Lotus Press/198/27.12.23/41/23.11.23/1.12.23 795.00 2 1 320 JOH B-756074   10/06/2026 04/06/2026 2 795.00 18/12/2023 English Books
    Dewey Decimal Classification     Non-fiction R.K.Puram-8 R.K.Puram-8 18/12/2023 Lotus Press/198/27.12.23/41/23.11.23/1.12.23 795.00     320 JOH B-756076   18/12/2023   4 795.00 18/12/2023 English Books
    Dewey Decimal Classification     Non-fiction Sarojini Nagar Sarojini Nagar 18/12/2023 Lotus Press/198/27.12.23/41/23.11.23/1.12.23 795.00 4 2 320 JOH B-756075   04/05/2026 17/03/2026 3 795.00 18/12/2023 English Books
    Dewey Decimal Classification     Non-fiction Shahdara Branch Shahdara Branch 18/12/2023 Lotus Press/198/27.12.23/41/23.11.23/1.12.23 795.00 3 2 320 JOH B-756078   16/07/2025 03/07/2025 6 795.00 18/12/2023 English Books
    Dewey Decimal Classification     Non-fiction Vinoba Puri Vinoba Puri 18/12/2023 Lotus Press/198/27.12.23/41/23.11.23/1.12.23 795.00     320 JOH B-756077   18/12/2023   5 795.00 18/12/2023 English Books

© Delhi Public Library
Hit Counter
free hit counter